Descubridores del pasado en Mesoamérica / (Record no. 18947)

MARC details
000 -LEADER
campo de control de longitud fija 01136nam a2200277 i 4500
001 - NÚMERO DE CONTROL
campo de control 18947
003 - IDENTIFICADOR DE NÚMERO DE CONTROL
campo de control ES-MaACL
007 - CAMPO FIJO DE DESCRIPCIÓN FÍSICA--INFORMACIÓN GENERAL
campo de control de longitud fija t|
008 - DATOS DE LONGITUD FIJA--INFORMACIÓN GENERAL
campo de control de longitud fija 020416s2001 sp ||||1| spa d
020 ## - NÚMERO INTERNACIONAL ESTÁNDAR DEL LIBRO
Número Internacional Estándar del Libro 84-7506-514-7
080 ## - NÚMERO DE LA CLASIFICACIÓN DECIMAL UNIVERSAL
Número de la Clasificación Decimal Universal 904(728):7.031.2(=87)(083.824)
080 ## - NÚMERO DE LA CLASIFICACIÓN DECIMAL UNIVERSAL
Número de la Clasificación Decimal Universal 904(72):7.031.2(=87)(083.824)
245 00 - MENCIÓN DEL TÍTULO
Título Descubridores del pasado en Mesoamérica /
Mención de responsabilidad, etc. [coordinación editorial, Lucinda Gutiérrez y Gabriela Pardo].
260 ## - PUBLICACIÓN, DISTRIBUCIÓN, ETC.
Lugar de publicación, distribución, etc. [Madrid] :
Nombre del editor, distribuidor, etc. Turner ;
Lugar de publicación, distribución, etc. Ciudad de México :
Nombre del editor, distribuidor, etc. DGE Ediciones,
Fecha de publicación, distribución, etc. 2001.
300 ## - DESCRIPCIÓN FÍSICA
Extensión 383 p. :
Otras características físicas il. col. y n. ;
Dimensiones 31 cm.
650 14 - PUNTO DE ACCESO ADICIONAL DE MATERIA--TÉRMINO DE MATERIA
Término de materia o nombre geográfico como elemento de entrada Excavaciones arqueológicas-
Subdivisión geográfica América Central-
Subdivisión de forma Exposiciones.
9 (RLIN) 12636
650 14 - PUNTO DE ACCESO ADICIONAL DE MATERIA--TÉRMINO DE MATERIA
Término de materia o nombre geográfico como elemento de entrada Excavaciones arqueológicas-
Subdivisión geográfica México-
Subdivisión de forma Exposiciones.
9 (RLIN) 12641
651 #4 - PUNTO DE ACCESO ADICIONAL DE MATERIA--NOMBRE GEOGRÁFICO
Nombre geográfico América Central-
Subdivisión general Restos arqueológicos precolombinos-
Subdivisión de forma Exposiciones.
9 (RLIN) 7710
651 #4 - PUNTO DE ACCESO ADICIONAL DE MATERIA--NOMBRE GEOGRÁFICO
Nombre geográfico México-
Subdivisión general Restos arqueológicos precolombinos-
Subdivisión de forma Exposiciones.
9 (RLIN) 9077
655 #7 - TERMINO DE INDIZACIÓN--GENERO/FORMA
Fuente del término tgfbne
9 (RLIN) 193628
Datos o término principal de género/forma Catálogos de exposiciones
700 1# - ENTRADA AGREGADA--NOMBRE PERSONAL
Nombre de persona Gutiérrez, Lucinda.
9 (RLIN) 61065
700 1# - ENTRADA AGREGADA--NOMBRE PERSONAL
Nombre de persona Pardo, Gabriela.
9 (RLIN) 88965
852 ## - LOCALIZACIÓN
Ubicación ES-MaACL
Número de control de estantería G-5998
Sublocalización o colección R.131573
942 ## - ELEMENTOS DE ENTRADA SECUNDARIOS (KOHA)
Fuente del sistema de clasificación o colocación Clasificación decimal universal
Holdings
Estatus retirado Estado de pérdida Estado de daño No para préstamo Biblioteca de origen Biblioteca actual Ubicación en estantería Fecha de adquisición Fuente de adquisición Total de préstamos Signatura topográfica completa Código de barras Visto por última vez Precio de reemplazo Tipo de ítem Koha
        Biblioteca del Ateneo de Madrid Biblioteca del Ateneo de Madrid Depósito 2 17/01/2008     G-5998 1019385 23/02/2023 23/02/2023 Libro impreso